| 000 | 01603nam a2200385 a 4500 | ||
|---|---|---|---|
| 001 | ebr10575531 | ||
| 003 | CaPaEBR | ||
| 006 | m u | ||
| 007 | cr cn||||||||| | ||
| 008 | 771101s1978 ne ad sb 101 0 eng d | ||
| 010 | _z 77017393 | ||
| 020 | _z0444900187 | ||
| 020 | _z9780470663455 | ||
| 020 | _z9780470718056 (e-book) | ||
| 040 |
_aCaPaEBR _cCaPaEBR |
||
| 035 | _a(OCoLC)607750063 | ||
| 050 | 1 | 4 |
_aRC846 _b.S96 1977eb |
| 082 | 0 | 4 | _a616.3/62 |
| 111 | 2 |
_aSymposium on Hepatotrophic Factors _d(1977 : _cLondon, England) |
|
| 245 | 1 | 0 |
_aHepatotrophic factors _h[electronic resource]. |
| 260 |
_aAmsterdam ; _aNew York : _bElsevier/Excerpta Medica/North-Holland, _c1978. |
||
| 300 |
_aix, 405 p. : _bill. |
||
| 490 | 1 |
_aCiba Foundation symposium (new series) ; _v55 |
|
| 500 | _a"Symposium on Hepatotrophic Factors, held at the Ciba Foundation, London, 9th-11th May 1977"--Participants page. | ||
| 504 | _aIncludes bibliographical references and indexes. | ||
| 533 |
_aElectronic reproduction. _bPalo Alto, Calif. : _cebrary, _d2011. _nAvailable via World Wide Web. _nAccess may be limited to ebrary affiliated libraries. |
||
| 650 | 0 |
_aLiver _xDiseases _vCongresses. |
|
| 650 | 0 |
_aLiver _xRegeneration _vCongresses. |
|
| 650 | 0 |
_aLiver cells _vCongresses. |
|
| 650 | 0 |
_aInsulin _xPhysiological effect _vCongresses. |
|
| 655 | 7 |
_aElectronic books. _2local |
|
| 710 | 2 | _aebrary, Inc. | |
| 830 | 0 |
_aCiba Foundation symposium ; _vnew ser. 55. |
|
| 856 | 4 | 0 |
_uhttp://site.ebrary.com/lib/rucke/Doc?id=10575531 _zAn electronic book accessible through the World Wide Web; click to view |
| 999 |
_c78176 _d78176 |
||